Sufjan Stevens' songs - Statistics

General Stats
  • This quiz has been taken 26 times
  • The average score is 14 of 24
Answer Stats
Hint Answer % Correct
06 Fourth of July
100%
08 Javelin (To Have And To Hold)
86%
Mystery of Love
86%
08 Carrie & Lowell
79%
Visions of Gideon
79%
09 John My Beloved
71%
07 The Only Thing
71%
11 Blue Bucket of Gold
64%
01 Death with Dignity
64%
05 Eugene
64%
Futile Devices (Doveman Remix)
64%
09 Shit Talk
64%
02 Should Have Known Better
64%
10 No Shade in the Shadow of The Cross
57%
03 All of Me Wants All of You
50%
01 Goodbye Evergreen
50%
03 Will Anybody Ever Love Me?
50%
02 A Running Start
43%
04 Drawn to the Blood
43%
05 Genuflecting Ghost
36%
06 My Red Little Fox
36%
10 There's A World
36%
04 Everything That Rises
29%
07 So You Are Tired
14%
No matching quizzes found
Score Distribution
Percent of People with Each Score
Percentile by Number Answered
Your Score History
You have not taken this quiz